000 00310nam a22001457a 4500
008 210303b ||||| |||| 00| 0 eng d
020 _a9780072491999
041 _aeng
080 _29th
_a316
082 _a316
100 _a50
101 _aSOC
245 _aAdolescence
_cSantrock, J. W
942 _2udc
_cBK
999 _c55553
_d55553